000 00433nam a2200157Ia 4500
008 090124s9999 xx 000 0 und d
082 _b19540
245 _a पैं ज ण
250 _a1
260 _b"चित्रशाळा प्रकाशन, पुणें 2."
_c1954
300 _a238
630 _a पैं ज ण
700 _aअदवंत म. ना.
730 _a पैं ज ण
942 _cBOOK
999 _c90642
_d90642